000 00484nam a2200157 i 4500
001 97298
003 ES-MaACL
007 t|
008 050708s1960 sp ||||1| spa d
100 1 _aMaravall Casesnoves, Darío
_976331
245 1 0 _aGeometría analítica y proyectiva del plano /
_cpor Darío Maravall Casesnoves.
260 _aMadrid :
_bDossat,
_c1960.
300 _aVII, 273 p. :
_bil. ;
_c24 cm.
852 _aES-MaACL
_jG-1454
_bR.47777
999 _c97298
_d97298